| 000 | 00671nam a22002177a 4500 | ||
|---|---|---|---|
| 999 |
_c16655 _d16655 |
||
| 003 | AR-CdUCM | ||
| 008 | 190504b ||||| |||| 00| 0 spa d | ||
| 040 |
_aMUNICIPALIDAD PROVINCIAL DEL CUSCO _cBIBLIOTECA MUNICIPAL DEL CUSCO |
||
| 082 |
_a108 / _bB58 |
||
| 100 |
_aBiran, Miraine de _936227 |
||
| 245 | _aAutobiografia y otros escritos / | ||
| 260 |
_aMadrid : _bBiblioteca de iniciación filosofica, _c1960. |
||
| 300 |
_a114 paginas ; _c15 cm. |
||
| 500 | _aFilosofia y religion | ||
| 650 |
_aFilosofia _9395 |
||
| 650 |
_aReligión _91195 |
||
| 650 |
_aEscritos _9215 |
||
| 700 |
_aSegura Ruiz, Juan _936228 |
||
| 942 |
_2ddc _cLIBROS |
||
| 945 |
_apjha _d2019-05-04 |
||